00259nam a2200121Ia 4500008004100000100001600041245001700057260001800074300000800092650001300100942000700113999001700120190216s9999||||xx |||||||||||||| ||und|| aSudheer K P 0aSahayathrika bCurrent Books a120 aKathakal cBK c28669d28669